| 000 | 00892nas a2200289 4500 | ||
|---|---|---|---|
| 001 | BR2014006246 | ||
| 003 | BR-BrBNA | ||
| 005 | 20231205124600.0 | ||
| 007 | ta | ||
| 008 | 230509b bl.|||p| |||| 00| 00por d | ||
| 040 |
_aBR-BrBNA _bpor _cBiblioteca Nacional de Agricultura |
||
| 041 | _a(En) | ||
| 072 | _aF04; F61 | ||
| 100 | 1 | _aFreiberger, M.B. | |
| 100 | 1 | _aGuerrini, I.A. | |
| 100 | 1 | _aCastoldi, G. | |
| 100 | 1 | _aSteiner, F. | |
| 100 | 1 | _aBüll, L.T. | |
| 245 | 1 | _aInitial physic nut nutrition and potassium balance in the soil-plant system | |
| 650 | _aJATROPHA CURCAS | ||
| 650 | _aABSORÇÃO | ||
| 650 | _aPOTÁSSIO | ||
| 650 | _aRELAÇÃO SOLO-PLANTA | ||
| 773 | 0 |
_tRevista Brasileira de Engenharia Agrícola e Ambiental (Brazil) _xISSN 1415-4366 _g(May 2014), V. 18(5) p. 495-500 _wBR2014006246 |
|
| 909 |
_a202311 _bLúcia _c55 _dLúcia Elande |
||
| 942 |
_2AGRIS _n0 _cANA |
||
| 999 |
_c239831 _d239831 |
||